000 00313nam a2200121Ia 4500
008 231106s2017 xx 000 0 und d
041 _aeng
082 _a751.42
100 _aWALTRAUD NAWRATIL
245 _aINDIA CONTEMPORARY DESIGN FASHION GRAPHICS INTERIORS
260 _bSEARCH PRESS
_c2017
300 _aP-112
999 _c920112
_d920112